Normal view MARC view

Entry Topical Term

Number of records used in: 2

001 - CONTROL NUMBER

  • control field: 54310

003 - CONTROL NUMBER IDENTIFIER

  • control field: OSt

005 - DATE AND TIME OF LATEST TRANSACTION

  • control field: 20240904144822.0

008 - FIXED-LENGTH DATA ELEMENTS

  • fixed length control field: 240904|| aca||aabn | a|a d

040 ## - CATALOGING SOURCE

  • Original cataloging agency: OSt
  • Transcribing agency: OSt

150 ## - HEADING--TOPICAL TERM

  • Topical term or geographic name entry element: ဗုဒ္ဓဘာသာသီလရှင်

670 ## - SOURCE DATA FOUND

  • Source citation: Work cat.: (OSt): သီလရှင်ဆရာကြီးဒေါ်ဂုဏဝတီ သာသနဓဇဓမ္မာစရိယ၊ အဂ္ဂမဟာဂန္တဝါစကပဏ္ဍိတ၏ ပြည်ပသာသနာပြုအတွေ့အကြုံမော်ကွန်းလွှာ /, ၂၀၁၀။

Library - 09407999929
Admin Office - 09407999979
Dean Office - 09250910768
Registrar Office - 09892297154
Email - [email protected]
Shan State Buddhist University, Phaya Phyu Taunggyi, Shan State, Myanmar.